000 00233nam a22000977a 4500
100 _aChaudhary, Aslam
245 _aAgriculture development and public policies
260 _aLahore
_bIzhar sons
_c1989
300 _a231p
942 _cBK
999 _c14970
_d14970